| 000 -LEADER |
| fixed length control field |
00557nam a2200181 4500 |
| 008 - FIXED-LENGTH DATA ELEMENTS--GENERAL INFORMATION |
| fixed length control field |
200320b ||||| |||| 00| 0 eng d |
| 020 ## - INTERNATIONAL STANDARD BOOK NUMBER |
| International Standard Book Number |
9789280116014 |
| Terms of availability |
GBP33.00 |
| 040 ## - CATALOGING SOURCE |
| Original cataloging agency |
IMO |
| 082 00 - DEWEY DECIMAL CLASSIFICATION NUMBER |
| Classification number |
623.865 |
| Item number |
I339 |
| 245 10 - TITLE STATEMENT |
| Title |
FSS Code : International code for fire safety systems / |
| 250 ## - EDITION STATEMENT |
| Edition statement |
2015 ed. |
| 260 ## - PUBLICATION, DISTRIBUTION, ETC. (IMPRINT) |
| Place of publication, distribution, etc |
London: |
| Name of publisher, distributor, etc |
International Maritime Organization, |
| Date of publication, distribution, etc |
2015. |
| 300 ## - PHYSICAL DESCRIPTION |
| Extent |
vii. 335 p. : |
| Other physical details |
ill. ; |
| Dimensions |
30 cm. |
| 650 #0 - SUBJECT ADDED ENTRY--TOPICAL TERM |
| Topical term or geographic name as entry element |
Ships - Safety regulations |
|
| Topical term or geographic name as entry element |
Fires and fire prevention |
|
| Topical term or geographic name as entry element |
Law and legislation |
| 942 ## - ADDED ENTRY ELEMENTS (KOHA) |
| Source of classification or shelving scheme |
|
| Item type |
Books |